=LDR 00000nam 2200000 4500 =001 INLIS000000000036852 =005 20130612142620 =008 ***********************************Ind** =035 ##$$0010-061300000036852 =041 ##$$a Ind =082 ##$$a 646.3 =090 ##$$a 646.3, Keb k =245 ##$$a Kebaya pengantin koleksi Tien Santoso, Sanggar Busana Tien Santoso ; editor, Nana Listiani =260 ##$$a 2010 $b Jakarta =300 ##$$a 39 hlm, ilus, 25 cm =650 ##$$a Pakaian pengantin =850 ##$$a NBPNMAT